Countries by beer consumption per capita - Statistics

General Stats
  • This quiz has been taken 677 times
  • The average score is 10 of 15
Answer Stats
Hint Answer % Correct
107 Germany
97%
78 United States of America
95%
98.5 Canada
82%
104 Ireland
82%
106 Austria
80%
78 Belgium
77%
84 Poland
77%
98.08 Australia
74%
132 Czech Republic
72%
91 Estonia
55%
83 Finland
54%
86 Lithuania
53%
83 Slovenia
49%
78 Croatia
47%
83 Venezuela
12%
No matching quizzes found
Score Distribution
Percent of People with Each Score
Percentile by Number Answered
Your Score History
You have not taken this quiz